The ROUTLEDGE handbook of postcolonial social work

Bewaard in:
Bibliografische gegevens
Formaat: Boek
Taal:Engels
Gepubliceerd in: Routledge 2020
Tags: Voeg label toe
Geen labels, Wees de eerste die dit record labelt!

MARC

LEADER 00000nam a22000007a 4500
008 231205b |||||||| |||| 00| 0 eng d
020 |a 9781138604070 
245 |a The ROUTLEDGE handbook of postcolonial social work  |c /edited by Tanja Kleibl...(et al)  |g xii,362p 
260 |b Routledge  |c 2020  |h Oxon, UK  |i 700577  |i 700578  |l HV40.8.D44R75  |m Social service-Practice-Developing countries  |m Social service-Practice- Cross- cultural studies  |m Post colonialism -Developing countries 
500 |a it includes index 
942 |a lcc  |c BK  |e Johnson  |f 05/12/23 
952 |0 0  |1 0  |2 lcc  |4 0  |6 HV00408 D44 R75  |7 0  |9 4666  |a RF  |b HOL  |c GJ  |d 2023-12-05  |l 0  |o HV40.8.D44R75  |p 2023-0581  |r 2023-12-05 00:00:00  |t 700577  |w 2023-12-05  |y BK 
952 |0 0  |1 0  |2 lcc  |4 0  |6 HV00408 D44 R75  |7 0  |9 4667  |a RF  |b HOL  |c GJ  |d 2023-12-05  |l 0  |o HV40.8.D44R75  |p 2023-0582  |r 2023-12-05 00:00:00  |t 700578  |w 2023-12-05  |y BK 
999 |c 2340  |d 2340